000 00906nam a2200205 i 4500
001 138357
003 ES-MaACL
005 20230906195542.0
007 t|
008 190503s1854 sp r ||||1| spa d
110 2 _aCompañia de los Caminos de Hierro del Norte de España.
_93117
245 1 0 _aFerro-carril del Norte :
_bobservaciones acerca de los trazados de la primera sección, cuya preferencia se disputan Segovia y Ávila /
_cmandadas publicar por la Comisión Permanente de la Diputación de Segovia y Ayuntamiento de su capital.
260 _aMadrid :
_b[s.n.],
_c1854 (
_fImp. del Colegio de Sordo-mudos y de Ciegos)
300 _a54 p. ;
_c22 cm.
650 _aFerrocarriles-
_zSegovia (Provincia)
_9175872
650 4 _aFerrocarriles-
_zÁvila (Provincia)
_9166958
710 1 _aSegovia (Provincia).
_bDiputación.
_9175871
852 4 _aES-MaACL
_jT-34-F-17
852 4 _aES-MaACL
_jT-43-F-12
999 _c138357
_d138357